| Tag |
First Indicator |
Second Indicator |
Subfields |
| LEADER |
00000cam a2200000 a 4500 |
| 001 |
in00000825607 |
| 005 |
20151018115915.0 |
| 008 |
810420s1981 mdu s f00010 eng d |
| 010 |
|
|
|a gp 81005414
|
| 020 |
|
|
|c $1.50
|
| 035 |
|
|
|a (OCoLC)07363669
|
| 035 |
|
|
|9 ADW0165AM
|
| 040 |
|
|
|a GPO
|c GPO
|d UtOrBLW
|
| 043 |
|
|
|a n-us---
|
| 074 |
|
|
|a 158
|
| 086 |
0 |
|
|a C 3.216/4:MIC 77-SR-2
|
| 088 |
|
|
|a MIC 77-SR-2
|
| 130 |
0 |
|
|a Census of mineral industries (1977)
|
| 245 |
1 |
0 |
|a 1977 census of mineral industries.
|p Subject series.
|p Gross book value of depreciable assets--capital expenditures, retirements, depreciation, rental payments.
|
| 264 |
|
1 |
|a [Suitland, Md.] :
|b U.S. Dept. of Commerce, Bureau of the Census ;
|c 1981.
|
| 264 |
|
2 |
|a Washington, D.C. :
|b For sale by the Supt. of Docs., U.S. G.P.O.,
|
| 300 |
|
|
|a 17 pages in various pagings ;
|c 28 cm.
|
| 336 |
|
|
|a text
|b txt
|2 rdacontent
|
| 337 |
|
|
|a unmediated
|b n
|2 rdamedia
|
| 338 |
|
|
|a volume
|b nc
|2 rdacarrier
|
| 500 |
|
|
|a "Issued March 1981."
|
| 500 |
|
|
|a "MIC77-SR-2."
|
| 650 |
|
0 |
|a Mineral industries
|z United States
|x Statistics.
|
| 710 |
1 |
|
|a United States.
|b Bureau of the Census.
|
| 740 |
0 |
|
|a Gross book value of depreciable assets--capital expenditures, retirements, depreciation, rental payments.
|
| 999 |
|
|
|a MARS
|
| 999 |
f |
f |
|s 99cc8360-8d47-37fc-98d2-6c28ecae42fb
|i fb4fdc99-c2d3-3390-8ad7-71ef7c8b3402
|t 0
|
| 952 |
f |
f |
|p noncirc
|a Texas A&M University
|b College Station
|c Sterling C. Evans Library
|d Evans: US Documents (Annex 5th floor)
|t 0
|e C 3.216/4:MIC 77-SR-2
|h Superintendent of Documents classification
|i unmediated -- volume
|m A14823259984
|
| 998 |
f |
f |
|a C 3.216/4:MIC 77-SR-2
|t 0
|l Evans: US Documents (Annex 5th floor)
|